[Event "SVK-ch Amateurs"]
[Site "Liptovsky Jan"]
[Date "2023.06.15"]
[Round "2"]
[White "Zrost, Bystrik"]
[Black "Durik, Martin"]
[Result "0-1"]
[WhiteElo "1177"]
[BlackElo "1485"]
[PlyCount "48"]
[EventDate "2023.06.15"]
[EventType "swiss"]
[EventRounds "8"]
[EventCountry "SVK"]
[SourceTitle "CBM 214 Extra"]
[Source "ChessBase"]
[SourceDate "2023.07.31"]
[SourceVersion "1"]
[SourceVersionDate "2023.07.31"]
[SourceQuality "1"]

1. e4 c6 2. d4 d5 3. Nc3 dxe4 4. Nxe4 Bf5 5. Nc5 b6 6. Nb3 Nf6 7. Bd3 Bg4 8. f3 Bh5 9. Ne2 e6 10. Bf4 Nd5 11. Be5 Ne3 12. Qd2 Nxg2+ 13. Kd1 Bxf3 14. Rg1 Nd7 15. Bg3 Be7 16. Kc1 Bxe2 17. Qxe2 Bg5+ 18. Nd2 Ne3 19. Bd6 g6 20. Ne4 Bh6 21. Ba6 Qh4 22. Nd2 Qxd4 23. Qd3 Nf5 24. Ba3 Qxg1+ 0-1